000 00733nam0a22002411 4500
001 rc\657496
005 20250621201607.0
035 _a(NLR Aleph) 005896969
090 _a6236492
_c6236492
100 _a20031121d1986 |||y0rusy50 ca
101 0 _arus
102 _aRU
105 _aa |||||||||
200 1 _aФридеберт Туглас
_eОчерк жизни и творчества
_e[Пер. с эст.]
210 _aТаллин
_cПериодика
_d1986
215 _a53, 2 с., [8] л. ил.
_d20
600 1 _aТуглас
_bФ.
_gФридеберт
_2psbo
700 1 _aЭэлмяэ
_bА.
_gАугуст
801 0 _aRU
_bNLR
_gpsbo
801 1 _aRU
_bELAR
_2rusmarc
852 _aNLR
_j86-4/6884
942 _cBOOK
980 _aNB